Electronic transport in mesoscopic systems / (Record no. 14923)

MARC details
000 -LEADER
fixed length control field 00780cam a2200253 a 4500
001 - CONTROL NUMBER
control field TB12475
003 - CONTROL NUMBER IDENTIFIER
control field IN-BhIIT
005 - DATE AND TIME OF LATEST TRANSACTION
control field 20250707170515.0
008 - FIXED-LENGTH DATA ELEMENTS--GENERAL INFORMATION
fixed length control field 941011s1995 nyua b 001 0 eng
020 ## - INTERNATIONAL STANDARD BOOK NUMBER
ISBN 9781107605282 (pbk.)
040 ## - CATALOGING SOURCE
Original cataloging agency IN-BhIIT
041 ## - LANGUAGE CODE
Language code of text eng
082 00 - DEWEY DECIMAL CLASSIFICATION NUMBER
Classification number 537.6225
Book number DAT/E
100 1# - MAIN ENTRY--AUTHOR NAME
Personal name Datta, Supriyo
Relator term Author
245 10 - TITLE STATEMENT
Title Electronic transport in mesoscopic systems /
Statement of responsibility, etc by Supriyo Datta.
260 ## - PUBLICATION, DISTRIBUTION, ETC. (IMPRINT)
Place of publication New Delhi :
Name of publisher Cambridge University Press,
Year of publication 2016.
300 ## - PHYSICAL DESCRIPTION
Number of Pages xv, 377 p. :
Other physical details(ill.) ill. ;
Dimensions(size) 24 cm.
504 ## - BIBLIOGRAPHY, ETC. NOTE
Bibliography, etc Includes bibliographical references and index.
650 #0 - SUBJECT ADDED ENTRY--TOPICAL TERM
Topical Term Electron transport.
Topical Term Semiconductors.
Topical Term Green's functions.
Topical Term Mesoscopic phenomena (Physics)
942 ## - ADDED ENTRY ELEMENTS (KOHA)
Koha item type Text Book
Holdings
Withdrawn status Lost status Damaged status Not for loan Collection code Home library Current library Date acquired Source of acquisition Cost, normal purchase price Full call number Accession Number Cost, replacement price Price effective from Koha item type
Not withdrawn Not Lost not damaged   SBS Central Library, IIT Bhubaneswar Central Library, IIT Bhubaneswar 13/03/2025 33 974.25 537.6225 DAT/E TB12477 1299.00 13/03/2025 Text Book
Not withdrawn Not Lost not damaged   SBS Central Library, IIT Bhubaneswar Central Library, IIT Bhubaneswar 13/03/2025 33 974.25 537.6225 DAT/E TB12476 1299.00 13/03/2025 Text Book
Not withdrawn Not Lost not damaged   SBS Central Library, IIT Bhubaneswar Central Library, IIT Bhubaneswar 13/03/2025 33 974.25 537.6225 DAT/E TB12475 1299.00 13/03/2025 Text Book

Central Library, Indian Institute of Technology Bhubaneswar, 4th Floor, Administrative Building, Argul, Khordha, PIN-752050, Odisha, India
Phone: +91-674-7138750 | Email: circulation.library@iitbbs.ac.in (For circulation related queries),
Email: info.library@iitbbs.ac.in (For other queries)